Fundamentals Of Engineering Drawing (Record no. 616014)
[ view plain ]
| 000 -LEADER | |
|---|---|
| fixed length control field | 00526nam a22001817a 4500 |
| 003 - CONTROL NUMBER IDENTIFIER | |
| control field | NUST |
| 005 - DATE AND TIME OF LATEST TRANSACTION | |
| control field | 20260202151426.0 |
| 008 - FIXED-LENGTH DATA ELEMENTS--GENERAL INFORMATION | |
| fixed length control field | 260202b ||||| |||| 00| 0 eng d |
| 020 ## - INTERNATIONAL STANDARD BOOK NUMBER | |
| International Standard Book Number | 978-8123911779 |
| 082 ## - DEWEY DECIMAL CLASSIFICATION NUMBER | |
| Classification number | 604.2 |
| 100 ## - MAIN ENTRY--PERSONAL NAME | |
| Personal name | M. Bhattacharyya, S. Pal |
| 9 (RLIN) | 133020 |
| 245 ## - TITLE STATEMENT | |
| Title | Fundamentals Of Engineering Drawing |
| Statement of responsibility, etc. | Bhattacharyya / Pal. |
| 250 ## - EDITION STATEMENT | |
| Edition statement | 4th Edition |
| 260 ## - PUBLICATION, DISTRIBUTION, ETC. | |
| Place of publication, distribution, etc. | India: |
| Name of publisher, distributor, etc. | CBS Publisher & Distributors P Ltd, |
| Date of publication, distribution, etc. | 2011 |
| 300 ## - PHYSICAL DESCRIPTION | |
| Extent | 148 p; |
| Dimensions | 9.57 x 0.31 x 7.4 inches |
| 563 ## - BINDING INFORMATION | |
| Binding note | Paperback |
| 942 ## - ADDED ENTRY ELEMENTS (KOHA) | |
| Source of classification or shelving scheme | |
| Koha item type | Book |
| Withdrawn status | Lost status | Source of classification or shelving scheme | Damaged status | Not for loan | Permanent Location | Current Location | Date acquired | Total Checkouts | Full call number | Barcode | Date last seen | Price effective from | Koha item type |
|---|---|---|---|---|---|---|---|---|---|---|---|---|---|
| Institute of Geographical Information Systems (IGIS) | Institute of Geographical Information Systems (IGIS) | 02/02/2026 | 604.2 | IGIS-630 | 02/02/2026 | 02/02/2026 | Book |
